000 00529nam a2200181Ia 4500
999 _c28717
_d28717
003 OSt
005 20210105153409.0
008 190216s9999||||xx |||||||||||||| ||und||
020 _a9788130004365
040 _coclc
082 _a894.8128
_bPRA/P
100 _aPrakash, T N
_96793
245 0 _aT Padmanabhan Athmabaliyude Aranoottandu /
_cT N Prakash
260 _bPoorna Publication,
_aKozhikode:
_c2006.
300 _a172p
650 _aPadanam
942 _cBK
_2ddc
_h894.8128
_iPRA/P
_k894.8128
_mPRA/P